Normal view MARC view
  • english drama

Entry Topical Term

Number of records used in: 5

001 - CONTROL NUMBER

  • control field: 8926

003 - CONTROL NUMBER IDENTIFIER

  • control field: JRU

005 - DATE AND TIME OF LATEST TRANSACTION

  • control field: 20260407161611.0

008 - FIXED-LENGTH DATA ELEMENTS

  • fixed length control field: 260407|| aca||aabn | a|a d

040 ## - CATALOGING SOURCE

  • Original cataloging agency: JRU
  • Transcribing agency: JRU

150 ## - HEADING--TOPICAL TERM

  • Topical term or geographic name as entry element: english drama

670 ## - SOURCE DATA FOUND

  • Source citation: Work cat.: (JRU)4276: Shakespeare, William 2908, Julius Caesar, 1996